000 00750nam a2200277Ia 4500
001 Para_735
003 CHAP
008 220125s1999 xx 000 0 und d
010 _a204493
040 _cCHAP
090 _aPA FOLLETO 3452
100 _aMiranda Velázquez, Ignacio
_976117
245 _aHidroponia /
_c por Ignacio Miranda Velázquez y Juan Hernández Ortiz
260 _aChapingo, Méx :
_b UACh
300 _a79 p.
410 _aAGRIBOT; 2
650 _aCultivo sin tierra
_9145363
700 _aHernández Ortíz, Juan
_954428
901 _aPA FOLLETO 3452
902 _aA
905 _a0000001999 0000000000 00
910 _a1999
942 _cPARA
942 _cPARA
_d1
999 _c204493
_d204493